000 00741nam a2200253Ia 4500
003 OSt
005 20220927111212.0
006 a|||||r|||| 00| 0
007 ta
008 220926b |||||||| |||| 00| 0 eng d
024 _a104553
037 _cReports
040 _aRTL
_cRTL
_beng
041 _2eng
_aeng
082 _a"z.252.N80t5, M4/GD"
110 _a"Uttar Pradesh, Planning (Deptt)"
_9381614
245 0 _a"Sixth five year plan, 1980-85 "
_b Some relevant fact
260 _aLucknow
_bGovt Press India
_c1984
300 _a39p.
_ccm.
650 _aGeneralia
700 _a"Uttar Pradesh, Planning (Deptt)"
_9381615
942 _h"z.252.N80t5, M4/GD"
_cCC
999 _c698813
_d698813